Statistics for Canadian Provinces Flags

Click here to take the quiz!

General Stats

  • This quiz has been taken 17 times
  • The average score is 9 of 10

Answer Stats

Answer% Correct
British Columbia
100%
Nova Scotia
100%
Ontario
100%
Quebec
100%
Newfoundland and Labrador
92%
Alberta
83%
Manitoba
83%
New Brunswick
83%
Prince Edward Island
83%
Saskatchewan
75%

Score Distribution

Percentile by Number Answered

Percent of People with Each Score

Your Score History

You have not taken this quiz